| 000 | 00758nam a2200205 a 4500 | ||
|---|---|---|---|
| 001 | 000007036 | ||
| 005 | 20200929154042.0 | ||
| 008 | 090904s1997 dr a 000 0 spa d | ||
| 040 |
_aDO-SdBNP _bspa _cBNPHU |
||
| 082 |
_a371.271 _bS235p |
||
| 100 | 1 |
_aSantiago, Nanky, _d1965- _919543 |
|
| 245 | 1 | 0 |
_aPruebas nacionales : _btrauma estudiantil. ¿Por qué fracasaron las pruebas? / _cNanky Santiago. |
| 260 |
_aSanto Domingo, : _bAmigo del Hogar, _c1997. |
||
| 300 |
_a106 p. : _bil ; _c22 cm. |
||
| 500 | _aIncluye datos biográficos del autor | ||
| 500 | _aIncluye referencias bibliográficas | ||
| 650 | 4 |
_aFracaso escolar _zRepública Dominicana _919544 |
|
| 650 | 4 |
_aEducación _zRepública Dominicana _9737 |
|
| 700 | 1 |
_aOvalles, Rey Antonio, _eprólogo _919545 |
|
| 999 |
_c6820 _d6820 |
||